Cuestiones del análisis de Fourier : convergencia en media de algunas series ortogonales /
Guardado en:
| Autor Principal: | |
|---|---|
| Autor Corporativo: | |
| Otros Autores: | , |
| Formato: | Libro |
| Idioma: | Spanish |
| Publicado: |
Bahía Blanca, Argentina :
INMABB-CONICET, Universidad Nacional del Sur,
1976.
|
| Series: | Notas de álgebra y análisis (Instituto de Matemática, Universidad Nacional del Sur) ;
5 |
| Acceso en línea: | Texto escaneado (PDF) |
| Etiquetas: |
Agregar Etiqueta
Sin Etiquetas, Sea el primero en etiquetar este registro!
|
| LEADER | 01002cam a22002297a 4500 | ||
|---|---|---|---|
| 001 | MAT.inmabb006420 | ||
| 008 | 830806s1976####ag#a##########000#0#spa## | ||
| 005 | 20151030105815.0 | ||
| 245 | 1 | 0 | |a Cuestiones del análisis de Fourier : |b convergencia en media de algunas series ortogonales / |c Agnes Ilona Benedek, Eduardo Ramón Murphy, Rafael Panzone. |
| 260 | |a Bahía Blanca, Argentina : |b INMABB-CONICET, Universidad Nacional del Sur, |c 1976. | ||
| 300 | |a 132 p. : |b il. ; |c 27 cm. | ||
| 490 | 1 | |a Notas de álgebra y análisis ; |v 5 | |
| 510 | 4 | |a MR, |c 57 #988 | |
| 100 | 1 | |a Benedek, Agnes Ilona. | |
| 700 | 1 | |a Murphy, Eduardo Ramón. | |
| 700 | 1 | |a Panzone, Rafael. | |
| 710 | 2 | |a Instituto de Matemática. INMABB. UNS. CONICET. | |
| 830 | 0 | |a Notas de álgebra y análisis (Instituto de Matemática, Universidad Nacional del Sur) ; |v 5 | |
| 084 | |a 42-01 |2 msc2000 | ||
| 010 | |a 83182880 | ||
| 856 | 4 | 1 | |u http://inmabb-conicet.gob.ar/publicaciones/naa/naa-5.pdf |y Texto escaneado (PDF) |
| 859 | |p B-899 |b BIB. MATEMATICA | ||
